Сотвори себя: повесть; для среднего и старшего школьного возраста

Bibliografiset tiedot
Päätekijä: Чиков В. М. Владимир Матвеевич
Muut tekijät: Ращектаев Н. А. (иллюстратор)
Kieli:venäjä
Julkaistu: Тула, Приокское кн. изд-во, 1981
Aiheet:
Aineistotyyppi: MixedMaterials Kirja
KOHA link:https://koha.lib.tpu.ru/cgi-bin/koha/opac-detail.pl?biblionumber=152726

MARC

LEADER 00000nam0a2200000 4500
001 152726
005 20231031151124.0
020 |a RU  |b 81-38033 
035 |a (RuTPU)RU\TPU\book\165587 
090 |a 152726 
100 |a 20090204d1981 de y0rusy5003 ca 
101 0 |a rus 
102 |a RU 
105 |a a z 000ay 
200 1 |a Сотвори себя  |e повесть  |e для среднего и старшего школьного возраста  |f В. М. Чиков  |g худож. Н. А. Ращектаев 
210 |a Тула  |c Приокское кн. изд-во  |d 1981 
215 |a 207 с.  |c ил.  |d 17 см. 
610 1 |a Конструкторы в СССР 
610 1 |a Молодежь в СССР 
610 1 |a детская литература 
675 |a Р2  |z rus 
700 1 |a Чиков  |b В. М.  |g Владимир Матвеевич  |4 070 
702 1 |a Ращектаев  |b Н. А.  |4 440 
801 0 |a RU  |b RuMRKP  |c 19950704  |g psbo 
801 1 |a RU  |b 63413507  |c 20090204  |g PSBO 
801 2 |a RU  |b 63413507  |c 20090204  |g PSBO 
942 |c BK